Focus sur: Laurena Kama - Harry Potter - Statistiques

Statistiques générales
  • Ce quiz a été pris 42 fois
  • Le résultat moyen est 5 sur 9
Statistiques - réponses
Informations recherchées Réponses % Correct
Statut du sang Sang-Pur
97%
Première apparition Les Animaux fantastiques: Les Crimes de Grindelwald
86%
Couleur des cheveux Noir
86%
Fils Yusuf Kama
56%
Epoux (premier) Mustafa Kama
47%
Fille Leta Lestrange
42%
Epoux (second) Corvus Lestrange IV
39%
Fils Corvus Lestrange V
39%
Actrice l'interprétant dans les films Isaura Barbé-Brown
11%
Aucun quiz correspondant
Distribution des résultats
% des personnes avec chaque résultat
Percentile par nombre de réponses
Votre historique - résultats
Vous n’avez pas pris ce quiz